000 01186nam a2200313 a 4500
001 000020266
005 20250702113508.0
008 100802s2012 dr 000 0 spa d
020 _a9789945580037
040 _aDO-SdBNP
_bspa
_cBNPHU
082 _a658.401
_bS211d
100 1 _aSánchez, Ramón
_942889
245 1 0 _aDirección estratégica empresarial /
_cRamón Sánchez, Randolph Manuel Morillo.
260 _aSanto Domingo :
_bUAPA,
_c2012.
300 _a535p. :
_bil., gráf. ;
_c26 cm.
490 1 _aAprendizaje
500 _aIncluye referencias bibliográficas y notas al pie de las páginas
500 _aIncluye bibliografía al final de los capitulos
504 _aBibliografía: p. 535
590 _aInventariado, 2018/ YL
650 0 _aPlanificación empresarial
_91780
650 4 _aToma de decisiones
_95494
650 0 _a Competencia económica
_98351
650 0 _aBenchmarking (Administración)
_942890
700 1 _aMorillo, Randolph Manuel
_942891
710 2 _aUniversidad Abierta para Adultos (Santiago de los Caballeros, Republica Dominicana)
_971401
830 0 _aAprendizaje
_942892
910 _aValidado. Control de calidad MFF
999 _c19770
_d19770